Two Border Countries - Statistics

General Stats
  • This quiz has been taken 128 times
    93 since last reset
  • The average score is 13 of 25
Answer Stats
Answer % Correct
United States
89%
Sweden
81%
Andorra
75%
Panama
74%
Yemen
74%
Uruguay
68%
Mongolia
64%
Nepal
61%
Costa Rica
60%
Nicaragua
59%
Swaziland
59%
Liechtenstein
56%
Bhutan
54%
Tunisia
53%
Ecuador
50%
Bangladesh
45%
United Arab Emirates
45%
Estonia
43%
Netherlands
40%
Kuwait
38%
Moldova
36%
Lebanon
30%
Guinea-Bissau
25%
Equatorial Guinea
24%
Sierra Leone
20%
No matching quizzes found
Score Distribution
Percent of People with Each Score
Percentile by Number Answered
Your Score History
You have not taken this quiz since the last reset